000 00634nam a2200265Ia 4500
005 20260324152815.0
008 008 260324s9999 xx 000 0 eng d
020 _a9780128042984
037 _aEBOOK
040 _aCRL
040 _beng
040 _cCRL
041 _2eng
041 _aeng
084 _qCRL
100 _aWu, Keng
_91229804
245 0 _aPower Converters with Digital Filter Feedback Control
260 _bElsevier
260 _c2016
650 _aEnergy
856 _uhttps://www.sciencedirect.com/science/book/9780128042984
942 _cEBOOK
999 _c1840702
_d1840702